Industrial Engineering Handbook / (Record no. 594582)
[ view plain ]
| 000 -LEADER | |
|---|---|
| fixed length control field | 00302nam a22001217a 4500 |
| 020 ## - INTERNATIONAL STANDARD BOOK NUMBER | |
| International Standard Book Number | 070410844 |
| 082 ## - DEWEY DECIMAL CLASSIFICATION NUMBER | |
| Classification number | 658.5 |
| Author Mark | MAY |
| 100 ## - MAIN ENTRY--PERSONAL NAME | |
| Personal name | MAynard, H. B. |
| 245 ## - TITLE STATEMENT | |
| Title | Industrial Engineering Handbook / |
| Statement of responsibility, etc. | H. B Maynard. |
| 260 ## - PUBLICATION, DISTRIBUTION, ETC. | |
| Place of publication, distribution, etc. | New York, |
| Name of publisher, distributor, etc. | McGraw Hill |
| Date of publication, distribution, etc. | 1971. |
| 300 ## - PHYSICAL DESCRIPTION | |
| Extent | Invp. ; |
| 942 ## - ADDED ENTRY ELEMENTS (KOHA) | |
| Source of classification or shelving scheme | |
| Koha item type | Book |
| Withdrawn status | Lost status | Source of classification or shelving scheme | Damaged status | Not for loan | Permanent Location | Current Location | Shelving location | Date acquired | Total Checkouts | Full call number | Barcode | Date last seen | Price effective from | Koha item type |
|---|---|---|---|---|---|---|---|---|---|---|---|---|---|---|
| School of Mechanical & Manufacturing Engineering (SMME) | School of Mechanical & Manufacturing Engineering (SMME) | General Stacks | 04/28/2023 | 658.5 MAY | SMME-4369 | 04/28/2023 | 04/28/2023 | Book |
